Jesenná konferencia SPNZ 2010 odborná konferencia, 30.9.-1.10.2010 Starý Smokovec
Saved in:
| Corporate Author: | |
|---|---|
| Format: | Book |
| Language: | Slovak |
| Published: |
Malacky
[POZAGAS]
2010
|
| Subjects: | |
| Tags: |
No Tags, Be the first to tag this record!
|
MARC
| LEADER | 00000nlm$a2200000$$$4500 | ||
|---|---|---|---|
| 001 | 0118747 | ||
| 005 | 20221121150328.7 | ||
| 020 | |a 978-80-89095-52-0 | ||
| 041 | 0 | |a slo | |
| 044 | |a SK | ||
| 245 | 1 | 0 | |a Jesenná konferencia SPNZ 2010 |b odborná konferencia, 30.9.-1.10.2010 Starý Smokovec |
| 264 | 1 | |a Malacky |b [POZAGAS] |c 2010 | |
| 300 | |a CD-ROM | ||
| 610 | 2 | 0 | |a plyn |
| 610 | 2 | 0 | |a nafta |
| 110 | 2 | |a Jesenná konferencia SPNZ 2010. Odborná konferencia | |